[Event "45th FIDE Chess Olympiad Open"]
[Site "Budapest, Hungary"]
[Date "2024.09.12"]
[Round "2"]
[White "Kollars, Dmitrij"]
[Black "Quizon, Daniel"]
[Result "0-1"]
[WhiteElo "2659"]
[BlackElo "2490"]
[PlyCount "108"]
[EventDate "2024.??.??"]
[WhiteTeam "Germany"]
[BlackTeam "Philippines"]
[WhiteTeamCountry "GER"]
[BlackTeamCountry "PHI"]
[WhiteClock "0:10:29"]
[BlackClock "0:11:19"]

1. e4 c5 2. Nf3 d6 3. d4 cxd4 4. Nxd4 Nf6 5. Nc3 Nc6 6. Bg5 e6 7. Qd2 a6 8. Nxc6 bxc6 9. O-O-O Be7 10. Bxf6 gxf6 11. Bc4 Qa5 12. f4 Rb8 13. Bb3 Bd7 14. Kb1 h5 ({RR} 14... Qb6 15. Qe2 c5 16. f5 O-O 17. Rd3 Kh8 18. Rg3 Rg8 19. Qh5 Rg7 20. Qh6 Rgg8 21. Qh5 Rg7 22. Nd1 Qb4 23. Rxg7 Kxg7 24. Qg4+ Kh8 25. fxe6 Bc8 26. Qh5 Bxe6 27. Bxe6 fxe6 28. Qf7 Bf8 29. Qxe6 {1-0 Kvaloy,A (2487)-Kuhn,C (2344) 32nd EY Open U16 2024 (5.1)}) 15. Rhe1 c5 $146 ({RR} 15... h4 16. Re3 Qc7 17. f5 e5 18. Qe1 a5 19. Rh3 Rb4 20. Rxh4 Rxh4 21. Qxh4 a4 22. Bxa4 d5 23. Qh8+ Bf8 24. Qxf6 d4 25. Bb3 Rxb3 26. axb3 dxc3 27. bxc3 Qa5 28. Rxd7 Kxd7 29. Qxf7+ Be7 30. f6 {1-0 Motylev,A (2641)-David,A (2428) Titled Tuesday intern op 28th Apr blitz 2020 (5)}) 16. f5 Rb4 17. fxe6 fxe6 18. a3 Rd4 19. Qe3 Qb6 20. Ne2 Rxd1+ 21. Rxd1 Qb5 22. Nc3 Qb7 23. Bc4 Kf7 24. Qe2 a5 25. Nd5 Qb8 26. Ne3 Kf8 27. Qf3 Ke8 28. a4 Qb7 29. Rd3 f5 30. exf5 Qxf3 31. gxf3 exf5 32. Bb5 Kd8 33. Bxd7 Kxd7 34. Nxf5 Rg8 35. Ne3 Rg1+ 36. Ka2 Rh1 37. Rd2 Bg5 38. Re2 Bxe3 39. Rxe3 Rxh2 40. Kb3 Rf2 41. c3 h4 42. Re4 h3 43. Rh4 h2 44. Kc4 Rxb2 45. Rh6 Kc6 46. f4 Ra2 47. Kb3 Rf2 48. f5 Kd5 49. c4+ Kd4 50. Rh4+ Ke5 51. Rh5 Kf4 52. f6 Kg3 53. Rg5+ Kh4 54. Rg6 Kh5 0-1

[Event "45th FIDE Chess Olympiad Open"]
[Site "Budapest, Hungary"]
[Date "2024.09.12"]
[Round "2"]
[White "Bersamina, Paulo"]
[Black "Bluebaum, Matthias"]
[Result "0-1"]
[WhiteElo "2425"]
[BlackElo "2640"]
[PlyCount "118"]
[EventDate "2024.??.??"]
[WhiteTeam "Philippines"]
[BlackTeam "Germany"]
[WhiteTeamCountry "PHI"]
[BlackTeamCountry "GER"]
[WhiteClock "0:07:51"]
[BlackClock "0:39:37"]

1. e4 c6 2. d4 d5 3. e5 Bf5 4. h4 h5 5. Bd3 Bxd3 6. Qxd3 Qa5+ 7. b4 Qa6 8. e6 Qxd3 9. cxd3 fxe6 10. Nd2 Nh6 11. Ndf3 Nf5 12. Ne2 ({RR} 12. Nh3 Na6 13. Rb1 Nc7 14. a4 g6 15. Bf4 Rc8 16. Bxc7 Rxc7 17. Nf4 Bg7 18. Nxe6 Rc8 19. O-O Kf7 20. Rfe1 Bf6 21. g3 a6 22. Re2 Ng7 23. Neg5+ Bxg5 24. Nxg5+ Kf6 25. Rbe1 Rhe8 26. Kg2 e6 {½-½ Martinez Alcantara,J (2603)-Mitrabha,G (2537) Titled Tue 30th Apr Early 2024 (8)}) 12... g6 13. Nf4 a5 $146 ({RR} 13... Bg7 14. Nxe6 Na6 15. Rb1 Bf6 16. Be3 Rc8 17. Nc5 Nxc5 18. bxc5 Nxe3 19. fxe3 Rb8 20. Ke2 Kd7 21. Rb3 b6 22. Rhb1 Kc7 23. Ra3 bxc5 24. Rxa7+ Kd6 25. dxc5+ Kxc5 26. Rc1+ Kb6 27. Ra4 Ra8 28. Rb4+ {½-½ Edouard,R (2527)-Decuigniere,T (2375) TCh-FRA Top 16 GpA 2023 (6.4)}) 14. Nxe6 Kd7 15. Nxf8+ Rxf8 16. bxa5 Rxa5 17. O-O Ra4 18. Ne5+ Kc8 19. Nxg6 Rg8 20. Nf4 Nxd4 21. f3 Nb3 22. axb3 Rxa1 23. Nxh5 Na6 24. d4 Nb4 25. Nf4 Nc2 26. Ne2 Rb1 27. h5 Rxb3 28. Kf2 c5 29. Nf4 Rh8 30. dxc5 e5 31. Nxd5 Rxh5 32. Nf6 Rh8 33. g4 Nd4 34. Kg2 Rc3 35. Ne4 Rc2+ 36. Bd2 Nb3 37. Rf2 Nxc5 38. Bc3 Rxf2+ 39. Nxf2 Re8 40. Kg3 Kd7 41. g5 Ke6 42. f4 exf4+ 43. Kg4 Rc8 44. Bd4 f3 45. Kxf3 Kf5 46. Be3 b5 47. Bd2 Rd8 48. Bc3 Ne6 49. g6 Kxg6 50. Ke4 Nc5+ 51. Ke3 Kf5 52. Bb4 Ne6 53. Nd3 Rg8 54. Bd6 Rh8 55. Bb4 Rh3+ 56. Kd2 Rf3 57. Ne1 Rh3 58. Nd3 Nf4 59. Nc5 Rh2+ 0-1

[Event "45th FIDE Chess Olympiad Open"]
[Site "Budapest, Hungary"]
[Date "2024.09.12"]
[Round "2"]
[White "Donchenko, Alexander"]
[Black "Gomez, John Paul"]
[Result "1-0"]
[WhiteElo "2638"]
[BlackElo "2408"]
[PlyCount "43"]
[EventDate "2024.??.??"]
[WhiteTeam "Germany"]
[BlackTeam "Philippines"]
[WhiteTeamCountry "GER"]
[BlackTeamCountry "PHI"]
[WhiteClock "0:13:51"]
[BlackClock "0:09:21"]

1. c4 Nf6 2. Nf3 g6 3. Nc3 d5 4. cxd5 Nxd5 5. h4 Nxc3 6. bxc3 h5 7. e4 Bg7 8. Be2 c5 9. O-O Nc6 10. Rb1 O-O 11. Qa4 $146 ({RR} 11. Ng5 Qd6 12. f4 f6 13. Bc4+ e6 14. Nh3 a6 15. f5 gxf5 16. exf5 b5 17. Be2 exf5 18. Nf4 Ne5 19. d4 Ng4 20. Bf3 Rb8 21. Re1 cxd4 22. Qxd4 Qxd4+ 23. cxd4 Rd8 24. Bd5+ Kh8 25. Re7 Bd7 {0-1 Fiorito,F (2374)-Paveto,K (2451) ARG-ch 95th Villa Martelli 2021 (9)}) ({RR} 11. Ng5 Ne5 12. d4 Ng4 13. f3 Nf6 14. Be3 Nh7 15. d5 Nxg5 16. hxg5 b6 17. c4 e6 18. f4 exd5 19. cxd5 Re8 20. e5 Bg4 21. Bxg4 hxg4 22. d6 Qd7 23. Rc1 Bf8 24. Bd2 Qe6 25. Qb3 Qd7 {1-0 Santos Latasa,J (2621)-Yi,D (2253) GRENKE Chess Open 2024 (2.13)}) ({RR} 11. Ng5 Ne5 12. d4 cxd4 13. cxd4 Ng4 14. e5 b6 15. Ba3 Bf5 16. Rc1 Qd7 17. Rc4 f6 18. exf6 Bxf6 19. Qb3 Kg7 20. Bf3 b5 21. Rc5 Rab8 22. Rxf5 gxf5 23. Ne6+ Kg6 24. Re1 a5 25. Qd3 Rh8 {0-1 Stanford,M (2260)-Prudnykova,O (2268) Lewis Chess Legends Open 2024 (9.13)}) 11... Qc7 12. Rd1 Bg4 13. d4 a6 14. dxc5 Bxc3 15. Qb3 Bxf3 16. Bxf3 Bd4 17. Bh6 Rfc8 18. e5 Bxe5 19. Qxb7 Nd4 20. Be3 Qxc5 21. Rbc1 Nxf3+ 22. gxf3 1-0

[Event "45th FIDE Chess Olympiad Open"]
[Site "Budapest, Hungary"]
[Date "2024.09.12"]
[Round "2"]
[White "Garcia, Jan Emmanuel"]
[Black "Svane, Frederik"]
[Result "0-1"]
[WhiteElo "2380"]
[BlackElo "2640"]
[PlyCount "206"]
[EventDate "2024.??.??"]
[WhiteTeam "Philippines"]
[BlackTeam "Germany"]
[WhiteTeamCountry "PHI"]
[BlackTeamCountry "GER"]
[WhiteClock "0:00:32"]
[BlackClock "0:05:22"]

1. Nf3 Nf6 2. c4 e6 3. g3 d5 4. d4 Bb4+ 5. Bd2 Be7 6. Bg2 O-O 7. O-O c6 8. Qc2 Nbd7 9. Rd1 h6 10. Bf4 a5 11. b3 b6 12. Ne5 Nxe5 13. dxe5 Nd7 14. cxd5 cxd5 15. e4 d4 16. Rxd4 Bc5 17. Rd1 Ba6 $146 ({RR} 17... Qe7 18. Nc3 Ba6 19. Na4 Rac8 20. Nxc5 Nxc5 21. Rd6 Qb7 22. Qd2 Bb5 23. Re1 Rc6 24. Rd1 Rfc8 25. Qe3 Kh7 26. h4 Qa8 27. h5 Qa6 28. Bf3 R6c7 29. Kg2 Bc6 30. g4 Qa8 31. R6d4 Na6 32. Rc4 {½-½ Hnydiuk,A (2364)-Druska,J (2505) 23rd ch-EUR Indiv 2023 (3.83)}) ({RR} 17... Qe7 18. Nc3 Ba6 19. Na4 Rac8 20. Nxc5 Nxc5 21. Rd6 Nd3 22. Qd2 Nxf4 23. gxf4 Qc7 24. Rd1 Qc2 25. h4 Be2 26. Qxc2 Rxc2 27. R1d2 Rfc8 28. Rxc2 Rxc2 29. Rxb6 Rxa2 30. f5 Rb2 31. fxe6 fxe6 32. Rxe6 {½-½ Pantzar,M (2468)-Tari,A (2635) TCh-NOR Elite 2023-24 (4.31)}) 18. Nc3 g5 19. Bc1 Rc8 20. Bb2 Qe7 21. Bf1 Bxf1 22. Kxf1 Nxe5 23. Qe2 Ba3 24. Bxa3 Qxa3 25. Nb5 Qc5 26. Na7 Rcd8 27. Rac1 Rxd1+ 28. Qxd1 Qb4 29. Qe2 Rd8 30. Nc6 Nxc6 31. Rxc6 Rd2 32. Rc8+ Kg7 33. Qf3 Qb5+ 34. Kg2 Rd3 35. Qg4 Rd2 36. Qf3 Rd3 37. Qg4 Qe5 38. Qe2 Qd4 39. Rc4 Rd2 40. Rxd4 Rxe2 41. Rd6 b5 42. Ra6 Rxa2 43. b4 Ra4 44. bxa5 Rxe4 45. Rb6 Rb4 46. a6 Ra4 47. Rxb5 Rxa6 48. Rb4 h5 49. h4 g4 50. Rb5 Kg6 51. Rg5+ Kh6 52. Rg8 Ra5 53. Rh8+ Kg7 54. Re8 Rd5 55. Ra8 Kf6 56. Rg8 Rf5 57. Kf1 Re5 58. Kg2 Rd5 59. Kf1 Kf5 60. Ra8 Ke4 61. Ra7 f5 62. Ra1 Rd2 63. Kg2 e5 64. Ra4+ Rd4 65. Ra8 Rc4 66. Rd8 Rc1 67. Re8 Rc5 68. Rh8 f4 69. gxf4 exf4 70. Re8+ Kd4 71. Rd8+ Rd5 72. Rf8 Ke4 73. Re8+ Kd3 74. Rf8 Rd4 75. Ra8 Rd5 76. Rf8 Ke4 77. Re8+ Re5 78. Rf8 Ra5 79. Re8+ Kf5 80. Rf8+ Ke5 81. Re8+ Kd5 82. Rd8+ Ke6 83. Re8+ Kf7 84. Rb8 Kg6 85. Rb6+ Kf5 86. Rb8 f3+ 87. Kg3 Ra1 88. Rb5+ Ke4 89. Rb4+ Kd3 90. Rb3+ Kc4 91. Rb8 Rh1 92. Ra8 Rh3+ 93. Kf4 Rxh4 94. Ra5 Rh2 95. Ke3 Rh1 96. Kf4 Kd3 97. Re5 Rh2 98. Re3+ Kd4 99. Re4+ Kd5 100. Re5+ Kd6 101. Ra5 Rxf2 102. Rxh5 Rg2 103. Rf5 f2 0-1

[Event "45th FIDE Chess Olympiad Open"]
[Site "Budapest, Hungary"]
[Date "2024.09.12"]
[Round "2"]
[White "Galaviz Medina, Sion Radamantys"]
[Black "Vitiugov, Nikita"]
[Result "1/2-1/2"]
[WhiteElo "2488"]
[BlackElo "2676"]
[PlyCount "103"]
[EventDate "2024.??.??"]
[WhiteTeam "Mexico"]
[BlackTeam "England"]
[WhiteTeamCountry "MEX"]
[BlackTeamCountry "ENG"]
[WhiteClock "0:06:27"]
[BlackClock "0:16:28"]

1. d4 Nf6 2. c4 g6 3. Nc3 Bg7 4. e4 d6 5. Be2 O-O 6. Be3 Nc6 7. d5 Ne5 8. f4 Neg4 9. Bd2 Nh6 10. Nf3 c6 11. O-O cxd5 12. cxd5 b5 13. Bd3 b4 14. Na4 Bd7 15. Kh1 Nhg4 $146 ({RR} 15... Rb8 16. Rc1 e6 17. dxe6 fxe6 18. Ng5 Nf7 19. Nxf7 Rxf7 20. b3 Nh5 21. Be2 Nf6 22. Qc2 a5 23. Be3 d5 24. Nc5 dxe4 25. Bd4 Rc8 26. Bxf6 Bxf6 27. Qxe4 Bc6 28. Qxe6 Bd5 29. Qg4 Bc3 30. Na4 {1-0 Arhan,C (2395)-Nandhidhaa,P (2260) Qatar Masters Open 2023 (5.65)}) ({RR} 15... Nh5 16. Rc1 Qa5 17. b3 Rac8 18. a3 Bc3 19. Nxc3 bxc3 20. Rxc3 Rxc3 21. Qa1 Rfc8 22. Bc4 Bb5 23. Bxc3 Qa6 24. Nd2 Bxc4 25. bxc4 Rb8 26. a4 Ng4 27. Rf3 Qb6 28. h3 Ne3 29. a5 Qc5 30. Bd4 {1-0 Sokolov,I (2623)-Van Foreest,J (2615) Hoogeveen m2 2016 (5)}) 16. h3 Qa5 17. b3 Bb5 18. Bxb5 Nxe4 19. hxg4 Qxb5 20. Rc1 Ng3+ 21. Kh2 Nxf1+ 22. Qxf1 Qxd5 23. Bxb4 Rac8 24. Re1 h5 25. gxh5 Qxh5+ 26. Kg3 Bf6 27. Qd3 Qf5 28. Qxf5 gxf5 29. Nh4 Rc2 30. Nxf5 Rb8 31. Ne3 Rxa2 32. Nd5 a5 33. Nxf6+ exf6 34. Nc3 Rc2 35. Bxa5 Rxb3 36. Re3 Rbb2 37. Kg4 Rxg2+ 38. Kf5 Rg6 39. Bd8 Kg7 40. Nd5 Rb5 41. Rd3 Rh6 42. Ke4 f5+ 43. Kxf5 Rh5+ 44. Bg5 f6 45. Kg4 fxg5 46. Kxh5 gxf4 47. Kg4 Kf7 48. Kxf4 Ra5 49. Kf5 Rc5 50. Rd1 Ra5 51. Rd2 Rc5 52. Ke4 1/2-1/2

[Event "45th FIDE Chess Olympiad Open"]
[Site "Budapest, Hungary"]
[Date "2024.09.12"]
[Round "2"]
[White "Howell, David W L"]
[Black "Hernandez Guerrero, Gilberto"]
[Result "1-0"]
[WhiteElo "2677"]
[BlackElo "2482"]
[PlyCount "159"]
[EventDate "2024.??.??"]
[WhiteTeam "England"]
[BlackTeam "Mexico"]
[WhiteTeamCountry "ENG"]
[BlackTeamCountry "MEX"]
[WhiteClock "0:01:17"]
[BlackClock "0:01:14"]

1. Nf3 Nf6 2. c4 g6 3. g3 Bg7 4. Bg2 O-O 5. O-O d6 6. d4 Nbd7 7. Nc3 e5 8. e4 exd4 9. Nxd4 Re8 10. h3 Nc5 11. Re1 h6 12. f3 Ne6 ({RR} 12... c6 13. Be3 a5 14. Qd2 h5 15. Rad1 a4 16. Nxc6 Ncxe4 17. fxe4 bxc6 18. Qxd6 Qa5 19. Qxc6 Bd7 20. Qc5 Qxc5 21. Bxc5 Rac8 22. Bd4 Be6 23. b3 axb3 24. axb3 Rb8 25. Nb5 Nd7 26. Bxg7 Kxg7 27. Re3 {1-0 Lazavik,D (2567)-Livaic,L (2561) Titled Tue 30th Jan Late 2024 (4)}) 13. Be3 Nxd4 14. Bxd4 Be6 15. Qd3 $146 ({RR} 15. Bf1 c6 16. Qd2 a6 17. Rad1 b5 18. cxb5 axb5 19. a3 Qb8 20. Ne2 Ra4 21. Be3 d5 22. Bf4 Qa7+ 23. Be3 c5 24. exd5 Nxd5 25. Bf2 b4 26. axb4 Rxb4 27. Nf4 Rxf4 28. gxf4 Rb8 29. Rb1 Qc7 {0-1 Leiva,G (2405)-Niemann,H (2695) 51st Annual World Open 2023 (3.1)}) 15... c6 16. b3 a6 17. a4 Qa5 18. Ne2 d5 19. cxd5 cxd5 20. e5 Nd7 21. f4 Nc5 22. Bxc5 Qxc5+ 23. Kh2 Rac8 24. Rac1 Qa5 25. Nd4 Rxc1 26. Rxc1 Rc8 27. Rxc8+ Bxc8 28. Ne2 Be6 29. Nc3 Qc5 30. Nxd5 Qf2 31. b4 Bf8 32. Nf6+ Kg7 33. Ne8+ Kg8 34. Nf6+ Kg7 35. Ne8+ Kg8 36. Nd6 Qb2 37. Nxb7 Bxb4 38. Nd8 Qd2 39. Qe4 Ba2 40. e6 Qxd8 41. exf7+ Bxf7 42. Qxb4 a5 43. Qc3 Qb6 44. h4 Kh7 45. Qd2 Kg7 46. Be4 Qc5 47. Kg2 Be8 48. Qb2+ Kf7 49. Qb3+ Kg7 50. Qb2+ Kf7 51. Qb7+ Kg8 52. Qa8 Kf8 53. Bxg6 Qc6+ 54. Qxc6 Bxc6+ 55. Kf2 Bxa4 56. Ke3 Ke7 57. Kd4 Kd6 58. g4 Bd1 59. g5 hxg5 60. hxg5 Bb3 61. Bd3 Bd1 62. Bc4 Bc2 63. Bd3 Bd1 64. f5 a4 65. Bc4 Bc2 66. f6 Bg6 67. Kc3 Bf5 68. Kb4 Bc2 69. Ka3 Kd7 70. Bd5 Kd6 71. Ba2 Kd7 72. Kb2 Bg6 73. Bb1 Be8 74. Bf5+ Kd6 75. g6 Bc6 76. Ka3 Bb5 77. Kb4 Bc6 78. Ka3 Bb5 79. Bb1 Bc4 80. Ba2 1-0

[Event "45th FIDE Chess Olympiad Open"]
[Site "Budapest, Hungary"]
[Date "2024.09.12"]
[Round "2"]
[White "Cori Quispe, Kevin Joel"]
[Black "Adams, Michael"]
[Result "1/2-1/2"]
[WhiteElo "2461"]
[BlackElo "2661"]
[PlyCount "72"]
[EventDate "2024.??.??"]
[WhiteTeam "Mexico"]
[BlackTeam "England"]
[WhiteTeamCountry "MEX"]
[BlackTeamCountry "ENG"]
[WhiteClock "0:14:27"]
[BlackClock "0:27:52"]

1. e4 e5 2. Nf3 Nc6 3. Bb5 a6 4. Ba4 Nf6 5. O-O Be7 6. d3 b5 7. Bb3 d6 8. c3 O-O 9. Re1 Na5 10. Bc2 c5 11. Nbd2 Nc6 12. Nf1 Re8 13. Ng3 h6 14. h3 Be6 15. d4 cxd4 16. cxd4 exd4 17. Nxd4 Nxd4 18. Qxd4 Rc8 19. Bb3 d5 20. e5 Bc5 21. Qd3 Ne4 22. Nxe4 dxe4 23. Qxe4 Qd4 24. Qe2 $146 ({RR} 24. Qf3 Bxb3 25. axb3 Rxe5 26. Rxe5 Qxe5 27. Bxh6 Qxb2 28. Rxa6 gxh6 29. Qg4+ Kh7 30. Qf5+ Kg7 31. Qg4+ {½-½ Smirin,I (2635)-Fressinet,L (2657) EU-chT (Men) 21st 2017 (3.3)}) 24... Bxb3 25. axb3 Rc6 26. Be3 Qxe5 27. Qc2 Rec8 28. Bxc5 Rxc5 29. Rxe5 Rxc2 30. Rxa6 Rxb2 31. Rf5 Rxb3 32. Ra7 Rf8 33. Rb7 b4 34. Rf4 Rb1+ 35. Kh2 b3 36. Rfb4 Rd8 1/2-1/2

[Event "45th FIDE Chess Olympiad Open"]
[Site "Budapest, Hungary"]
[Date "2024.09.12"]
[Round "2"]
[White "McShane, Luke J"]
[Black "Ibarra Chami, Luis Fernando"]
[Result "1-0"]
[WhiteElo "2611"]
[BlackElo "2427"]
[PlyCount "91"]
[EventDate "2024.??.??"]
[WhiteTeam "England"]
[BlackTeam "Mexico"]
[WhiteTeamCountry "ENG"]
[BlackTeamCountry "MEX"]
[WhiteClock "0:28:21"]
[BlackClock "0:21:48"]

1. e4 c5 2. Nf3 Nc6 3. Bb5 Nf6 4. Bxc6 dxc6 5. d3 Qc7 6. Nbd2 e5 7. Nc4 ({RR} 7. a4 Be6 8. b3 Be7 9. Nc4 Nd7 10. Ng5 Bxc4 11. bxc4 Nf8 12. Qg4 h5 13. Qf5 Bd6 14. O-O Qe7 15. Qh3 f6 16. Nf3 g5 17. Nd2 Ne6 18. Re1 g4 19. Qe3 O-O-O 20. Qe2 Rdg8 21. Nf1 h4 {0-1 Praggnanandhaa,R (2747)-Caruana,F (2803) FIDE Candidates 2024 (13.2)}) 7... Be6 8. b3 Nd7 9. Ne3 $146 ({RR} 9. Ng5 Bxc4 10. bxc4 Be7 11. Nh3 h6 12. O-O g5 13. Kh1 Nf8 14. Ng1 h5 15. Ne2 Ne6 16. Ng3 Ng7 17. Rb1 Qd7 18. Nf5 Nxf5 19. exf5 f6 20. Qf3 Kf7 21. Be3 Rag8 22. a4 g4 23. Qe4 h4 {1-0 Iordachescu,V (2585)-Bellahcene,B (2528) Dubai bin Rashid Cup Rapid 2021 (5)}) ({RR} 9. Ng5 Bxc4 10. bxc4 Be7 11. Qg4 Nf8 12. Nf3 g6 13. a4 f6 14. Rb1 h5 15. Qh3 Rd8 16. O-O g5 17. Qf5 Qd7 18. h4 g4 19. Nd2 Kf7 20. Qxd7 Rxd7 21. Bb2 Ne6 22. a5 Rb8 23. Bc3 Bd8 {½-½ Duda,J (2734)-Caruana,F (2805) Titled Tue 14th May Late 2024 (11)}) 9... Be7 10. g4 O-O-O 11. h4 h6 12. Qe2 g6 13. Bb2 Qa5+ 14. Qd2 Qxd2+ 15. Kxd2 Bd6 16. g5 Rdf8 17. Rag1 f6 18. gxf6 Rxf6 19. Ke2 Rhf8 20. Rg3 b5 21. Rh2 c4 22. dxc4 bxc4 23. Rhg2 Nc5 24. Nd2 cxb3 25. axb3 h5 26. f3 Nd7 27. Rxg6 Be7 28. Rg7 R6f7 29. Rxf7 Rxf7 30. Ndc4 Rf4 31. Nxe5 Nxe5 32. Bxe5 Rxh4 33. Rg7 Kd8 34. Rh7 Rh1 35. f4 Ke8 36. Rh8+ Kd7 37. f5 Bf7 38. Rh7 Ke8 39. Rh8+ Kd7 40. Bf4 Rh4 41. Kf3 Rh3+ 42. Kg2 Rh4 43. Kg3 Rh1 44. e5 Rg1+ 45. Kf2 Rg8 46. Rh7 1-0

[Event "45th FIDE Chess Olympiad Open"]
[Site "Budapest, Hungary"]
[Date "2024.09.12"]
[Round "2"]
[White "Ferreira, Jorge Viterbo"]
[Black "Tabatabaei, M. Amin"]
[Result "1/2-1/2"]
[WhiteElo "2535"]
[BlackElo "2714"]
[PlyCount "73"]
[EventDate "2024.??.??"]
[WhiteTeam "Portugal"]
[BlackTeam "Iran"]
[WhiteTeamCountry "POR"]
[BlackTeamCountry "IRI"]
[WhiteClock "0:04:32"]
[BlackClock "0:05:27"]

1. e4 c5 2. Nf3 d6 3. Bb5+ Nd7 4. d4 cxd4 5. Nxd4 Ngf6 6. Bd3 Nc5 7. Nc3 a6 8. Bg5 $146 ({RR} 8. O-O g6 9. Re1 Bg7 10. Bg5 O-O 11. h3 Bd7 12. Qd2 Rc8 13. Rad1 b5 14. a3 Ne6 15. Nxe6 Bxe6 16. Qe2 Qa5 17. Bd2 Qc7 18. f4 Bc4 19. e5 dxe5 20. fxe5 Nd5 21. Bxc4 Qb6+ 22. Kh1 Nxc3 {1-0 Ismayil,M (2167)-Kubicka,A (2292) WSCC Speed Play-In 3 2024 (6)}) ({RR} 8. Nb3 Nxd3+ 9. Qxd3 e6 10. Bg5 h6 11. Bh4 g5 12. Bg3 e5 13. O-O-O Be6 14. h4 g4 15. h5 Be7 16. Bh4 Nh7 17. Bxe7 Kxe7 18. Qe3 Nf6 19. f4 gxf3 20. gxf3 Rc8 21. f4 Ng4 22. Qg3 Rg8 {½-½ Vidit,S (2720)-Giri,A (2745) SuperUnited CRO Blitz 2024 (1.3)}) ({RR} 8. O-O Nxd3 9. Qxd3 e6 10. Bg5 Be7 11. Rad1 O-O 12. Nb3 Ne8 13. Bxe7 Qxe7 14. a4 b6 15. Qd4 Rb8 16. f4 Bb7 17. Nd2 Qf6 18. Nc4 Qg6 19. Rfe1 Nf6 20. Nxd6 Rfd8 21. Qe3 Bc6 22. Rd2 h5 {1-0 Ismayil,M (2167)-Mammadzada,G (2441) WSCC Speed Play-In 4 2024 (3)}) ({RR} 8. O-O g6 9. f3 Bg7 10. Be3 Nxd3 11. Qxd3 O-O 12. Rad1 Bd7 13. Kh1 b5 14. a3 Rc8 15. Bg5 h6 16. Bh4 g5 17. Bf2 Qc7 18. Qd2 Qc4 19. h4 g4 20. Nde2 a5 21. Nf4 Rfe8 22. Qe1 b4 {0-1 Krzyzanowski,M (2538)-Tabatabaei,M (2660) 3rd elllobregat Open 2022 (8.8)}) 8... e6 9. Nb3 Ncd7 10. a4 b6 11. O-O Be7 12. f4 h6 13. Bh4 e5 14. fxe5 Nxe5 15. Nd4 O-O 16. Nf5 Bxf5 17. Rxf5 Nd5 18. Nxd5 Bxh4 19. Qe2 g6 20. Rff1 Qc8 21. Qe3 Qc5 22. Qxc5 bxc5 23. Be2 Kg7 24. c3 a5 25. b3 Bg5 26. g3 h5 27. h4 Bh6 28. Bb5 Ra7 29. Nb6 f5 30. exf5 gxf5 31. Rad1 Kh7 32. Rxd6 Rg7 33. Nd7 Nxd7 34. Rxd7 Rxd7 35. Bxd7 f4 36. gxf4 Rxf4 37. Rxf4 1/2-1/2

[Event "45th FIDE Chess Olympiad Open"]
[Site "Budapest, Hungary"]
[Date "2024.09.12"]
[Round "2"]
[White "Daneshvar, Bardiya"]
[Black "Pereira, Ruben"]
[Result "1-0"]
[WhiteElo "2598"]
[BlackElo "2457"]
[PlyCount "183"]
[EventDate "2024.??.??"]
[WhiteTeam "Iran"]
[BlackTeam "Portugal"]
[WhiteTeamCountry "IRI"]
[BlackTeamCountry "POR"]
[WhiteClock "0:03:24"]
[BlackClock "0:01:15"]

1. c4 e6 2. Nc3 d5 3. d4 Nf6 4. cxd5 exd5 5. Bg5 c6 6. e3 h6 7. Bh4 Be7 8. Bd3 O-O 9. h3 Ne8 ({RR} 9... Re8 10. Bg3 Nbd7 11. Nf3 Nb6 12. O-O a5 13. Qc2 a4 14. a3 Be6 15. Rae1 Nc4 16. Ne5 Qa5 17. f4 Nd6 18. f5 Bc8 19. Bf4 c5 20. g4 cxd4 21. exd4 Qb6 22. Qf2 Bf8 23. Kh2 Nde4 24. Bxe4 {0-1 Eljanov,P (2694)-Kramnik,V (2753) Titled Tue 20th Jun Early 2023 (9)}) ({RR} 9... Re8 10. Nge2 Nh5 11. Bxe7 Qxe7 12. O-O Nd7 13. a3 a5 14. Qc2 Nb6 15. Qb3 Qd8 16. Rfe1 Be6 17. Nf4 Nf6 18. Rad1 Rb8 19. Qc2 Qd6 20. f3 Bd7 21. Qf2 c5 22. Bb1 Bc6 23. Ba2 Rbd8 24. dxc5 {½-½ Narayanan,S (2695)-Vaz,E (2426) Dubai Police Open A 2024 (1.4)}) 10. Bg3 Nd6 11. Nf3 $146 ({RR} 11. Qc2 Re8 12. Nge2 Bf8 13. O-O a5 14. Rae1 Na6 15. a3 Bd7 16. e4 dxe4 17. Nxe4 Nxe4 18. Bxe4 Nc7 19. Nc3 Be6 20. Rd1 Nd5 21. Na4 Bd6 22. Bxd6 Qxd6 23. Nc5 b6 24. Na4 b5 25. Nc5 Nb6 {0-1 Bruedigam,M (2379)-Harish,N (2231) Titled Tue 6th Jun Late 2023 (2)}) ({RR} 11. Nge2 Re8 12. O-O Bf8 13. Qd2 Bf5 14. f3 Nd7 15. Rae1 Bxd3 16. Qxd3 b5 17. e4 b4 18. Bxd6 Bxd6 19. Na4 Nb6 20. Nxb6 axb6 21. exd5 cxd5 22. Qb3 Qg5 23. f4 Bxf4 24. Nxf4 Rxe1 25. Rxe1 Qxf4 {½-½ So,W (2769)-Tahbaz,A (2441) Titled Tue 22nd Aug Early 2023 (4)}) 11... Be6 12. O-O Nd7 13. Rc1 Re8 14. Qb3 Nb6 15. Rfd1 Ne4 16. Bh2 Bd6 17. Bxd6 Nxd6 18. a4 a5 19. Ne5 Nd7 20. Qc2 Nb8 21. Rb1 Na6 22. Na2 Qb6 23. Qd2 Bf5 24. Bxf5 Nxf5 25. b4 axb4 26. Nxb4 Nxb4 27. Rxb4 Qc7 28. Rdb1 Nd6 29. Qc2 Ra5 30. Nd3 Rea8 31. Nc5 b5 32. Qd1 Qa7 33. axb5 Nxb5 34. Qd3 Ra1 35. Rxa1 Qxa1+ 36. Rb1 Qa2 37. Rf1 Nd6 38. Qb1 Qa7 39. Qb4 Rb8 40. Qa4 Qxa4 41. Nxa4 Nc4 42. Nc5 Ra8 43. h4 Ra5 44. h5 Kf8 45. g4 Ke7 46. Kg2 Ra2 47. Kg3 Nd2 48. Rc1 Kd6 49. Kf4 Nc4 50. Kf3 Nd2+ 51. Kg3 Kc7 52. Kf4 Nc4 53. f3 Ra3 54. Rb1 Nd6 55. Rg1 Ra2 56. g5 Rh2 57. Kg4 hxg5 58. Kxg5 Rh3 59. Kg4 Rh2 60. Ra1 Rg2+ 61. Kf4 Nc8 62. Rh1 Nd6 63. h6 gxh6 64. Rxh6 Re2 65. Rf6 Rh2 66. e4 dxe4 67. Nxe4 Rh4+ 68. Ke3 Nxe4 69. Rxf7+ Kd6 70. fxe4 Rh3+ 71. Rf3 Rh6 72. Kd3 Rh1 73. Rf6+ Kd7 74. Ke3 Rd1 75. Rh6 Kc7 76. Rh7+ Kd8 77. Rg7 Kc8 78. e5 Kd8 79. Ke4 Rd2 80. e6 Re2+ 81. Kf5 Re1 82. Kf6 Rf1+ 83. Ke5 Rd1 84. Ra7 Rd2 85. e7+ Ke8 86. Ke6 Re2+ 87. Kd6 Kf7 88. Kxc6 Ke8 89. d5 Rc2+ 90. Kd6 Rc8 91. Ke6 Rc6+ 92. d6 1-0

[Event "45th FIDE Chess Olympiad Open"]
[Site "Budapest, Hungary"]
[Date "2024.09.12"]
[Round "2"]
[White "Sousa, Andre Ventura"]
[Black "Idani, Pouya"]
[Result "1/2-1/2"]
[WhiteElo "2403"]
[BlackElo "2599"]
[PlyCount "170"]
[EventDate "2024.??.??"]
[WhiteTeam "Portugal"]
[BlackTeam "Iran"]
[WhiteTeamCountry "POR"]
[BlackTeamCountry "IRI"]
[WhiteClock "0:02:05"]
[BlackClock "0:00:56"]

1. e4 c5 2. Nf3 d6 3. d4 cxd4 4. Nxd4 Nf6 5. Nc3 a6 6. Bd3 e5 7. Nde2 Be7 8. O-O O-O 9. Ng3 Bg4 10. Be2 Be6 11. Be3 g6 12. Qd2 Nbd7 13. a4 Rc8 14. a5 h5 ({RR} 14... Re8 15. Nd5 Bxd5 16. exd5 Nc5 17. f3 h5 18. b4 Ncd7 19. c4 h4 20. Ne4 h3 21. g3 Nxe4 22. fxe4 Nf6 23. Qd3 Qd7 24. Rac1 Ng4 25. Bb6 Bg5 26. Rc3 Rf8 27. c5 dxc5 28. Bxc5 Rxc5 29. bxc5 {1-0 Karjakin,S (2748)-Giri,A (2779) Riga FIDE GP 2019 (1.3)}) 15. f3 $146 ({RR} 15. Bh6 Re8 16. Nf5 Rxc3 17. Nxe7+ Qxe7 18. Qxc3 Nxe4 19. Qb4 Ndc5 20. Be3 Rc8 21. Rad1 d5 22. c3 h4 23. f3 Ng5 24. h3 Nh7 25. f4 e4 26. c4 Nf6 27. cxd5 Nxd5 28. Rxd5 Bxd5 29. Rc1 Qd7 {1-0 Nasuta,G (2563)-Klimkowski,J (2531) chess.com Speed Poland 2024 (1.5)}) 15... h4 16. Nh1 Nh7 17. Nf2 Bg5 18. Bxg5 Nxg5 19. h3 Rc6 20. Nd5 Bxd5 21. exd5 Rc7 22. c4 Nh7 23. b4 Ndf6 24. Rac1 Nh5 25. Rfd1 Nf4 26. Nd3 Nxd3 27. Bxd3 Nf6 28. Qg5 Nh5 29. Qxd8 Rxd8 30. Bf1 Nf4 31. Rb1 Kf8 32. Rb2 Ke7 33. b5 Rc5 34. bxa6 bxa6 35. Ra1 Rd7 36. Rb8 Ra7 37. Kf2 Nh5 38. Ra2 Nf6 39. Rh8 g5 40. g3 hxg3+ 41. Kxg3 Rcc7 42. Rb2 Rc5 43. Ra2 Nd7 44. Rh5 Rb7 45. Rxg5 Rb1 46. Kf2 Rc8 47. Bd3 Rb3 48. Bf1 Nc5 49. Rg4 Rh8 50. Kg2 Rh6 51. Be2 f5 52. Rg3 Rb8 53. Bf1 Kf6 54. Kg1 Rb3 55. Kg2 Rh8 56. Be2 Rb1 57. Kh2 Nb3 58. Bd3 Rc1 59. Kg2 Nc5 60. Be2 Rb1 61. Kh2 Rhb8 62. Rg2 Rc1 63. Rg1 Rc3 64. h4 Rh8 65. Kh3 Rb3 66. Bd1 Rc3 67. Rc2 Rd3 68. Rcg2 e4 69. Rg3 Rd2 70. Rg6+ Ke5 71. fxe4 Nxe4 72. Bf3 Rd3 73. Kg2 Rb8 74. Re1 Kd4 75. Bxe4 Rb2+ 76. Kg1 fxe4 77. Rg4 Kxc4 78. Rgxe4+ Kxd5 79. Rg4 Rb5 80. Kg2 Rb2+ 81. Kg1 Rb5 82. Kg2 Rd2+ 83. Kg1 Rd4 84. Rg6 Rxh4 85. Rd1+ Kc5 1/2-1/2